Fr. Conceicao Rodrigues College of Engineering

Principles of Electronics (Record no. 28476)

MARC details
000 -LEADER
fixed length control field 00331nam a2200157Ia 4500
082 ## - DEWEY DECIMAL CLASSIFICATION NUMBER
Classification number 621.3
Item number MEH
100 ## - MAIN ENTRY--PERSONAL NAME
Personal name Mehta/V.K/ Mehta/ R
245 ## - TITLE STATEMENT
Title Principles of Electronics
260 ## - PUBLICATION, DISTRIBUTION, ETC.
Name of publisher, distributor, etc. S.Chand
Date of publication, distribution, etc. 1980
366 ## - TRADE AVAILABILITY INFORMATION
Publishers's discount category 20
300 ## - PHYSICAL DESCRIPTION
Extent 778
546 ## - LANGUAGE NOTE
Language note ENGLISH
-- PAMPHALETS
650 ## - SUBJECT ADDED ENTRY--TOPICAL TERM
Topical term or geographic name entry element ELECTRONICS
942 ## - ADDED ENTRY ELEMENTS (KOHA)
Koha item type BOOK
Holdings
Withdrawn status Lost status Damaged status Not for loan Collection Home library Current library Date acquired Source of acquisition Cost, normal purchase price Inventory number Total Checkouts Full call number Barcode Date last seen Cost, replacement price Price effective from Koha item type
        CRC Fr. Agnel's C.Rodrigues College of Engineering Fr. Agnel's C.Rodrigues College of Engineering 17/03/2023 Book Service Syndicate 340.00 519 dt 28/03/2012   621.3 MEH 21910 16/03/2026 425.00   BOOK